[Event "POL-chT 2nd League"]
[Site "Jastrzebia Gora"]
[Date "2019.09.08"]
[Round "2.18"]
[White "Swiatnicki, Andrzej"]
[Black "Szczyrba, Daniel"]
[Result "1-0"]
[WhiteElo "1983"]
[BlackElo "2118"]
[PlyCount "101"]
[EventDate "2019.09.07"]
[EventType "team-swiss"]
[EventRounds "9"]
[EventCountry "POL"]
[SourceTitle "EXT 2020"]
[Source "ChessBase"]
[SourceDate "2019.10.17"]
[SourceVersion "1"]
[SourceVersionDate "2019.10.17"]
[SourceQuality "1"]
[WhiteTeam "Konin Hetman"]
[BlackTeam "Gliwice Roszada"]
[WhiteTeamCountry "POL"]
[BlackTeamCountry "POL"]

1. e4 c5 2. c3 d5 3. exd5 Qxd5 4. d4 Nf6 5. dxc5 Qxc5 6. Be3 Qc7 7. Na3 a6 8. Nc4 Nbd7 9. a4 b6 10. Nf3 Bb7 11. Qd4 e5 12. Nfxe5 Bc5 13. Qf4 Bxe3 14. fxe3 Nxe5 15. Qxe5+ Qxe5 16. Nxe5 0-0 17. 0-0-0 Rfe8 18. Nd7 Nxd7 19. Rxd7 Bc6 20. Rc7 Rec8 21. Rxc8+ Rxc8 22. Bxa6 Ra8 23. Rd1 Bxa4 24. Rd6 Rb8 25. Be2 Kf8 26. Bf3 Ke7 27. Rd4 Bd7 28. Kd2 Be6 29. Bd5 Bxd5 30. Rxd5 Rc8 31. Kd3 Rc6 32. Kd4 Rg6 33. g3 Rh6 34. h4 Rg6 35. Rg5 Rd6+ 36. Kc4 g6 37. Re5+ Kf6 38. Rd5 Re6 39. Kd4 Kg7 40. e4 f6 41. Rd7+ Kh6 42. g4 Rc6 43. b4 Re6 44. c4 g5 45. h5 b5 46. cxb5 f5 47. gxf5 Rb6 48. Kc5 Rb8 49. e5 g4 50. f6 g3 51. Rg7 1-0

[Event "EU-ch blitz"]
[Site "Katowice"]
[Date "2017.12.15"]
[Round "4"]
[White "Szczyrba, Daniel"]
[Black "Ragger, Markus"]
[Result "1/2-1/2"]
[WhiteElo "2127"]
[BlackElo "2657"]
[PlyCount "94"]
[EventDate "2017.12.15"]
[EventType "swiss (blitz)"]
[EventRounds "22"]
[EventCountry "POL"]
[SourceTitle "CBM 182 Extra"]
[Source "ChessBase"]
[SourceDate "2018.02.23"]
[SourceVersion "1"]
[SourceVersionDate "2018.02.23"]
[SourceQuality "1"]

1. d4 d5 2. Nf3 Nf6 3. c4 e6 4. Nc3 a6 5. a4 dxc4 6. e3 b6 7. Bxc4 Bb7 8. 0-0 Nbd7 9. Qe2 Bb4 10. Bd3 Bd6 11. e4 e5 12. Bg5 h6 13. Bh4 0-0 14. Rad1 Qe7 15. Rfe1 Rfe8 16. Bc4 Bb4 17. Nxe5 Bxc3 18. Bxf7+ Qxf7 19. Nxf7 Bxe1 20. Nxh6+ gxh6 21. Bxf6 Nxf6 22. Rxe1 Rxe4 23. Qd1 Rxe1+ 24. Qxe1 Re8 25. Qd2 Kg7 26. f3 Bd5 27. Qf4 Re7 28. Kf2 Bc4 29. g4 Nd5 30. Qc1 Re2+ 31. Kg3 Ne3 32. b3 Bf7 33. Qxc7 Nf1+ 34. Kf4 Nxh2 35. d5 Rf2 36. Kg3 Re2 37. d6 Nf1+ 38. Kf4 Ne3 39. Qc3+ Kf8 40. Qxe3 Rxe3 41. Kxe3 Bxb3 42. Kd4 Bxa4 43. f4 Bd7 44. g5 hxg5 45. fxg5 Kf7 46. Ke5 Kg6 47. Kd5 Kxg5 1/2-1/2

[Event "Pszczyna op"]
[Site "Pszczyna"]
[Date "2009.07.15"]
[Round "3"]
[White "Wiewiora, Eneasz"]
[Black "Szczyrba, Daniel"]
[Result "1-0"]
[WhiteElo "2056"]
[BlackElo "2182"]
[PlyCount "91"]
[EventDate "2009.07.14"]
[EventType "swiss"]
[EventRounds "9"]
[EventCountry "POL"]
[SourceTitle "CBM 131 Extra"]
[Source "ChessBase"]
[SourceDate "2009.09.03"]
[SourceVersion "2"]
[SourceVersionDate "2009.09.16"]
[SourceQuality "1"]

1. e4 c5 2. c3 Nf6 3. e5 Nd5 4. d4 cxd4 5. cxd4 Nc6 6. Nc3 Nxc3 7. bxc3 d6 8. exd6 exd6 9. Nf3 Be7 10. Bd3 0-0 11. h3 Bd7 12. 0-0 Rc8 13. Re1 Re8 14. Bf4 g6 15. Nd2 d5 16. Qf3 Be6 17. Qg3 Bh4 18. Qf3 Bf6 19. Qg3 Qa5 20. Rec1 Qd8 21. Re1 Bh4 22. Qf3 Ne7 23. Rac1 Bf6 24. g4 Nc6 25. Nb3 Bg5 26. Nc5 Qf6 27. Bxg5 Qxf3 28. Re3 Bxg4 29. Rxf3 Bxf3 30. Nxb7 Be2 31. Bc2 Rb8 32. Ba4 Re5 33. dxe5 Nxe5 34. Bf4 Nf3+ 35. Kg2 Rxb7 36. Bc6 Rb2 37. Bg3 h5 38. Bxd5 Ng5 39. c4 Ne6 40. c5 Rd2 41. Bb7 f5 42. Be5 f4 43. c6 f3+ 44. Kg1 Rd5 45. c7 Nxc7 46. Bxc7 1-0

[Event "Chorzow op"]
[Site "Chorzow"]
[Date "2008.03.31"]
[Round "5"]
[White "Widera, Jan"]
[Black "Szczyrba, Daniel"]
[Result "1/2-1/2"]
[WhiteElo "2109"]
[BlackElo "2178"]
[PlyCount "94"]
[EventDate "2008.03.29"]
[EventType "swiss"]
[EventRounds "9"]
[EventCountry "POL"]
[SourceTitle "EXT 2010"]
[Source "ChessBase"]
[SourceDate "2010.11.25"]
[SourceVersion "1"]
[SourceVersionDate "2010.11.25"]
[SourceQuality "1"]

1. e4 c5 2. Nf3 e6 3. d4 cxd4 4. Nxd4 a6 5. Bd3 Nc6 6. Nxc6 dxc6 7. Nd2 e5 8. Qh5 Bd6 9. Nc4 Nf6 10. Nxd6+ Qxd6 11. Qe2 0-0 12. h3 Re8 13. Be3 Be6 14. 0-0 c5 15. c4 Nd7 16. Rad1 Qc7 17. f4 exf4 18. Bxf4 Ne5 19. b3 f6 20. Qc2 Bf7 21. Be2 Qc6 22. Bf3 b5 23. cxb5 axb5 24. Bxe5 Rxe5 25. Rf2 c4 26. bxc4 Bxc4 27. Qb1 Qb6 28. Rdd2 Qe3 29. Kh1 h5 30. Qd1 h4 31. Rd8+ Rxd8 32. Qxd8+ Kh7 33. Qd2 Qxd2 34. Rxd2 Kh6 35. Kg1 Re7 36. Kf2 Ra7 37. Be2 Ra4 38. Bxc4 Rxc4 39. Ke3 Ra4 40. Rb2 Kg6 41. Kf3 Kh6 42. Ke3 g5 43. Kf3 Ra3+ 44. Kf2 Kg6 45. Ke2 g4 46. hxg4 Kg5 47. Kf2 Kxg4 1/2-1/2

[Event "POL-chT3 Slaskie"]
[Site "Poland"]
[Date "2008.02.19"]
[Round "3.4"]
[White "Pietrzak, Janusz"]
[Black "Szczyrba, Daniel"]
[Result "1/2-1/2"]
[WhiteElo "2065"]
[BlackElo "2178"]
[PlyCount "52"]
[EventDate "2008.02.03"]
[EventType "team-swiss"]
[EventRounds "9"]
[EventCountry "POL"]
[SourceTitle "EXT 2019"]
[Source "ChessBase"]
[SourceDate "2018.10.10"]
[SourceVersion "1"]
[SourceVersionDate "2018.10.10"]
[SourceQuality "1"]

1. b3 e5 2. Bb2 d6 3. e3 f5 4. d4 e4 5. Nh3 Nf6 6. c4 c6 7. Nc3 g6 8. Be2 Bg7 9. Nf4 0-0 10. h4 Bh8 11. Qc2 Na6 12. a3 Nc7 13. b4 Bd7 14. g3 Be8 15. g4 fxg4 16. Nxe4 Nh5 17. Nxh5 gxh5 18. Bd3 Bg6 19. 0-0-0 Qe7 20. Ng3 Qf7 21. Rd2 Rae8 22. Rg1 Bxd3 23. Qxd3 Qg6 24. f4 Bf6 25. e4 Bxh4 26. Nf5 Bd8 1/2-1/2

[Event "POL-chT3 Liga Slaska"]
[Site "Poland"]
[Date "2007.05.13"]
[Round "9"]
[White "Zarychta, Krzysztof"]
[Black "Szczyrba, Daniel"]
[Result "1/2-1/2"]
[WhiteElo "2225"]
[BlackElo "2181"]
[PlyCount "52"]
[EventDate "2007.01.28"]
[EventType "team-swiss"]
[EventRounds "9"]
[EventCountry "POL"]
[SourceTitle "EXT 2011"]
[Source "ChessBase"]
[SourceDate "2010.11.26"]
[SourceVersion "1"]
[SourceVersionDate "2010.11.26"]
[SourceQuality "1"]
[WhiteTeam "Szopienice HetMaN"]
[BlackTeam "Mikolow AKS"]
[WhiteTeamCountry "POL"]
[BlackTeamCountry "POL"]

1. e4 c5 2. Nf3 e6 3. d4 cxd4 4. Nxd4 a6 5. c4 Nf6 6. Nc3 Qc7 7. a3 b6 8. Be3 Bb7 9. f3 d6 10. Be2 Nbd7 11. Rc1 Be7 12. 0-0 0-0 13. Qd2 Rac8 14. b4 Qb8 15. Na4 Bd8 16. Kh1 Re8 17. Rc2 Bc7 18. Bg1 Rcd8 19. Rb1 Ba8 20. Qc1 Rc8 21. Nb2 Bb7 22. Nd3 Qa8 23. Bf1 Red8 24. Nb3 Bc6 25. Rc3 Re8 26. Nd4 Bb7 1/2-1/2

[Event "POL-chT 2nd League"]
[Site "Wysowa"]
[Date "2005.08.29"]
[Round "3.69"]
[White "Pulik, Krzysztof"]
[Black "Szczyrba, Daniel"]
[Result "1-0"]
[WhiteElo "2124"]
[BlackElo "2183"]
[PlyCount "120"]
[EventDate "2005.08.27"]
[EventType "team-swiss"]
[EventRounds "9"]
[EventCountry "POL"]
[SourceTitle "EXT 2019"]
[Source "ChessBase"]
[SourceDate "2018.10.10"]
[SourceVersion "1"]
[SourceVersionDate "2018.10.10"]
[SourceQuality "1"]
[WhiteTeam "Rzeszow Zelmer II"]
[BlackTeam "Mikolow AKS"]
[WhiteTeamCountry "POL"]
[BlackTeamCountry "POL"]

1. e4 c5 2. Nf3 e6 3. c3 Nf6 4. e5 Nd5 5. Bc4 Nb6 6. Bb3 c4 7. Bc2 Nc6 8. d4 cxd3 9. Qxd3 Be7 10. 0-0 d6 11. exd6 Qxd6 12. Qxd6 Bxd6 13. Nbd2 0-0 14. Ne4 Be7 15. Bf4 Nc4 16. b3 f5 17. Ng3 e5 18. Bc1 Na3 19. Bd1 e4 20. Ne1 Nb5 21. Bb2 Bf6 22. Ne2 Be6 23. Nc2 Rfd8 24. a4 Nc7 25. Ncd4 Nxd4 26. Nxd4 Bxd4 27. cxd4 Nd5 28. Bc1 Rac8 29. Bd2 Rd7 30. b4 Nc3 31. Be3 Bd5 32. Re1 h6 33. h4 Kf7 34. Kh2 g5 35. g3 Kf6 36. Be2 Na2 37. Rab1 Rg7 38. Rb2 gxh4 39. gxh4 Rcg8 40. Kh3 f4 41. Bxf4 Rg2 42. Bg5+ hxg5 43. Kxg2 gxh4+ 44. Kh2 Nc3 45. a5 e3 46. f3 Rg3 47. Rc2 Nxe2 48. Rcxe2 Rxf3 49. Rxe3 Rf4 50. Rd3 Rg4 51. Rd2 Rf4 52. Ree2 Kg6 53. Re5 Be4 54. d5 Kf6 55. Re8 Kf7 56. Rb8 Rf1 57. Kh3 Rh1+ 58. Kg4 h3 59. Rh8 Rg1+ 60. Kf4 Rg2 1-0

[Event "POL-chT 2nd League"]
[Site "Wysowa"]
[Date "2005.08.27"]
[Round "1.75"]
[White "Markowski, Damian"]
[Black "Szczyrba, Daniel"]
[Result "0-1"]
[WhiteElo "2289"]
[BlackElo "2183"]
[PlyCount "97"]
[EventDate "2005.08.27"]
[EventType "team-swiss"]
[EventRounds "9"]
[EventCountry "POL"]
[SourceTitle "EXT 2019"]
[Source "ChessBase"]
[SourceDate "2018.10.10"]
[SourceVersion "1"]
[SourceVersionDate "2018.10.10"]
[SourceQuality "1"]
[WhiteTeam "Koszalin Hetman Politechnika"]
[BlackTeam "Mikolow AKS"]
[WhiteTeamCountry "POL"]
[BlackTeamCountry "POL"]

1. e4 c5 2. Nc3 e6 3. f4 d6 4. Nf3 Nc6 5. g3 Nd4 6. Bg2 g6 7. 0-0 Bg7 8. d3 Ne7 9. Be3 0-0 10. Qd2 Rb8 11. Rae1 b5 12. Nd1 b4 13. c3 Nxf3+ 14. Bxf3 Qa5 15. e5 bxc3 16. bxc3 Bb7 17. Nb2 Bxf3 18. Nc4 Qa6 19. Rxf3 Nf5 20. exd6 Qc6 21. Rff1 Nxd6 22. Ne5 Qc7 23. Bf2 c4 24. Rb1 Rfc8 25. Nxc4 Nxc4 26. dxc4 Qxc4 27. Rxb8 Rxb8 28. Bxa7 Bxc3 29. Qd7 Rb2 30. a4 Kg7 31. Bf2 h5 32. Rc1 Qe2 33. Qa7 Bf6 34. Qe3 Qg4 35. Kg2 h4 36. h3 Qf5 37. Rc5 Qb1 38. g4 Qd1 39. Re5 Rb1 40. Qe1 Bxe5 41. Qxd1 Rxd1 42. fxe5 g5 43. a5 Ra1 44. Bb6 Ra2+ 45. Kg1 Kg6 46. Bd8 Rd2 47. Bb6 Rd5 48. a6 Rxe5 49. Kf2 0-1

[Event "POL-ch sf U20"]
[Site "Poraj"]
[Date "2003.??.??"]
[Round "5"]
[White "Szczyrba, Daniel"]
[Black "Mickiewicz, Piotr"]
[Result "0-1"]
[WhiteElo "2205"]
[BlackElo "2280"]
[PlyCount "36"]
[EventDate "2003.??.??"]
[EventType "swiss"]
[EventRounds "9"]
[EventCountry "POL"]
[SourceTitle "EXT 2005"]
[Source "ChessBase"]
[SourceDate "2004.11.15"]
[SourceVersion "1"]
[SourceVersionDate "2004.11.15"]
[SourceQuality "1"]

1. e4 e5 2. Nf3 Nc6 3. Bb5 Nd4 4. Nxd4 exd4 5. 0-0 Bc5 6. d3 c6 7. Bc4 d5 8. exd5 cxd5 9. Bb5+ Kf8 10. Nd2 Qa5 11. b4 Bxb4 12. Rb1 a6 13. Nb3 Qxb5 14. Nxd4 Qa5 15. Qf3 Ne7 16. h4 h5 17. Bf4 Ng6 18. Bg3 Bg4 0-1

[Event "POL-chT3"]
[Site "Poland"]
[Date "2002.??.??"]
[Round "?"]
[White "Szczyrba, Daniel"]
[Black "Morkisz, Bogdan"]
[Result "1-0"]
[WhiteElo "2188"]
[BlackElo "2148"]
[PlyCount "67"]
[EventDate "2002.??.??"]
[EventType "team"]
[EventRounds "9"]
[EventCountry "POL"]
[SourceTitle "EXT 2006"]
[Source "ChessBase"]
[SourceDate "2005.11.24"]
[SourceVersion "1"]
[SourceVersionDate "2005.11.24"]
[SourceQuality "1"]

1. e4 e6 2. d4 d5 3. Nc3 Bb4 4. e5 c5 5. a3 Bxc3+ 6. bxc3 Ne7 7. Qg4 Kf8 8. a4 Qa5 9. Bd2 c4 10. h4 Bd7 11. h5 h6 12. Nf3 b5 13. Nh4 bxa4 14. Rh3 Nf5 15. Rf3 Nxh4 16. Qxh4 Nc6 17. Qf4 Be8 18. Qg4 Ne7 19. Bc1 Kg8 20. Ba3 Qc7 21. Rb1 Nf5 22. Qh3 Rd8 23. g4 Ne7 24. Qh4 Nc6 25. Kd2 Qa5 26. Rg3 Nxd4 27. Bb4 Qb6 28. cxd4 Qxd4+ 29. Kc1 Rb8 30. Ba3 Rxb1+ 31. Kxb1 Qd1+ 32. Kb2 Qxf1 33. g5 Qe1 34. gxh6 1-0

[Event "POL-chT2 South"]
[Site "Ustron"]
[Date "2001.09.??"]
[Round "?"]
[White "Dawidow, Jacek"]
[Black "Szczyrba, Daniel"]
[Result "1-0"]
[WhiteElo "2339"]
[BlackElo "2209"]
[PlyCount "43"]
[EventDate "2001.09.14"]
[EventType "team-swiss"]
[EventRounds "10"]
[EventCountry "POL"]
[SourceTitle "EXT 2019"]
[Source "ChessBase"]
[SourceDate "2018.10.10"]
[SourceVersion "1"]
[SourceVersionDate "2018.10.10"]
[SourceQuality "1"]

1. d4 d5 2. c4 dxc4 3. Nf3 Nf6 4. Nc3 e6 5. e4 a6 6. Bxc4 b5 7. Bd3 Bb7 8. Qe2 c5 9. dxc5 b4 10. Na4 Nbd7 11. 0-0 Qa5 12. Nb6 Nxb6 13. cxb6 Bc5 14. e5 Nd7 15. Bf4 Nf8 16. Rac1 Ng6 17. Be3 Bxb6 18. Ng5 Bxe3 19. Qxe3 Rd8 20. Rc5 Qb6 21. Rfc1 0-0 22. Bxg6 1-0

[Event "POL-chT2 South"]
[Site "Ustron"]
[Date "2001.09.??"]
[Round "?"]
[White "Pinkas, Karol"]
[Black "Szczyrba, Daniel"]
[Result "1/2-1/2"]
[WhiteElo "2378"]
[BlackElo "2209"]
[PlyCount "62"]
[EventDate "2001.09.14"]
[EventType "team-swiss"]
[EventRounds "10"]
[EventCountry "POL"]
[SourceTitle "EXT 2019"]
[Source "ChessBase"]
[SourceDate "2018.10.10"]
[SourceVersion "1"]
[SourceVersionDate "2018.10.10"]
[SourceQuality "1"]
[WhiteTeam "Jaworzno JKSz MCKiS"]
[WhiteTeamCountry "POL"]

1. e4 c5 2. Nf3 e6 3. d4 cxd4 4. Nxd4 a6 5. Nc3 Qc7 6. Be2 Nc6 7. 0-0 Nf6 8. Kh1 Nxd4 9. Qxd4 Bc5 10. Qd3 0-0 11. Bg5 Ne8 12. f4 f6 13. Bh4 b5 14. e5 Bb7 15. Ne4 Be7 16. Rad1 Rc8 17. Bf3 f5 18. Bxe7 fxe4 19. Bxe4 Bxe4 20. Qxe4 Rf7 21. Ba3 Qxc2 22. Qe3 Rc4 23. Rc1 Rcxf4 24. h3 Qf5 25. Rxf4 Qxf4 26. Qxf4 Rxf4 27. Rc8 Kf7 28. Bc5 Rc4 29. b4 Rc2 30. Rd8 Rd2 31. Kg1 Rd5 1/2-1/2

[Event "POL-chT Region"]
[Site "Poland"]
[Date "1999.??.??"]
[Round "?"]
[White "Judycki, Wieslaw"]
[Black "Szczyrba, Daniel"]
[Result "1/2-1/2"]
[WhiteElo "2187"]
[BlackElo "2115"]
[PlyCount "45"]
[EventDate "1999.??.??"]
[EventType "team"]
[EventRounds "13"]
[EventCountry "POL"]
[SourceTitle "EXT 2002"]
[Source "ChessBase"]
[SourceDate "2001.11.25"]
[SourceVersion "1"]
[SourceVersionDate "2001.11.25"]
[SourceQuality "1"]

1. d4 Nf6 2. c4 g6 3. Nc3 Bg7 4. e4 d6 5. Nf3 0-0 6. h3 e5 7. dxe5 dxe5 8. Qxd8 Rxd8 9. Bg5 Re8 10. 0-0-0 h6 11. Be3 c6 12. c5 Nbd7 13. Nd2 Nf8 14. Nc4 Ne6 15. Nd6 Rf8 16. Bc4 Kh7 17. g3 h5 18. Kb1 Bh6 19. Bxh6 Kxh6 20. b4 Kg7 21. Kb2 h4 22. g4 Nf4 23. Rdg1 1/2-1/2

[Event "POL-chT 2nd div South"]
[Site "Polanica Zdroj"]
[Date "1999.??.??"]
[Round "5"]
[White "Szczyrba, Daniel"]
[Black "Janocha, Wieslaw Adam"]
[Result "1-0"]
[WhiteElo "2115"]
[BlackElo "2333"]
[PlyCount "40"]
[EventDate "1999.09.17"]
[EventType "team-swiss"]
[EventRounds "10"]
[EventCountry "POL"]
[SourceTitle "EXT 2001"]
[Source "ChessBase"]
[SourceDate "2000.11.22"]
[SourceVersion "1"]
[SourceVersionDate "2000.11.22"]
[SourceQuality "1"]
[WhiteTeam "POL-chT 2nd div South 05"]
[BlackTeam "POL-chT 2nd div South 25"]
[WhiteTeamCountry "POL"]
[BlackTeamCountry "POL"]

1. e4 e5 2. Nf3 Nc6 3. Bb5 a6 4. Ba4 Nf6 5. 0-0 Be7 6. Re1 b5 7. Bb3 d6 8. c3 0-0 9. h3 Nb8 10. d4 Nbd7 11. Nbd2 Bb7 12. Bc2 Re8 13. Nf1 Bf8 14. Ng3 g6 15. b3 d5 16. dxe5 Nxe4 17. Nxe4 dxe4 18. Ng5 Qc8 19. Bxe4 Bxe4 20. Rxe4 Bg7 1-0

[Event "POL-chT 2nd div South"]
[Site "Polanica Zdroj"]
[Date "1999.??.??"]
[Round "7"]
[White "Szczyrba, Daniel"]
[Black "Kaula, Roman"]
[Result "1/2-1/2"]
[WhiteElo "2115"]
[BlackElo "2320"]
[PlyCount "50"]
[EventDate "1999.09.17"]
[EventType "team-swiss"]
[EventRounds "10"]
[EventCountry "POL"]
[SourceTitle "EXT 2001"]
[Source "ChessBase"]
[SourceDate "2000.11.22"]
[SourceVersion "1"]
[SourceVersionDate "2000.11.22"]
[SourceQuality "1"]
[WhiteTeam "POL-chT 2nd div South 05"]
[BlackTeam "POL-chT 2nd div South 23"]
[WhiteTeamCountry "POL"]
[BlackTeamCountry "POL"]

1. e4 e5 2. Nf3 Nc6 3. Bb5 a6 4. Ba4 Nf6 5. 0-0 Be7 6. Re1 b5 7. Bb3 d6 8. c3 0-0 9. h3 Na5 10. Bc2 c5 11. d4 Qc7 12. Nbd2 cxd4 13. cxd4 Bd7 14. Nf1 Rac8 15. Re2 Nc6 16. Be3 Nh5 17. d5 Na5 18. b3 g6 19. Bd3 f5 20. Rc2 Qd8 21. exf5 Rxc2 22. Bxc2 Bxf5 23. Bxf5 gxf5 24. Nxe5 dxe5 25. Qxh5 Qxd5 1/2-1/2